00344nam a22001097a 450000500170000000800410001702000180005810000200007624500580009626000530015430000270020720260413103649.0260413b |||||||| |||| 00| 0 eng d a0 435 57078 1 aFullick Patrick aHeinemann Advanced Science Physicsc/ Patrick Fullick aOxford;bHeinemann Educational Publishers;c1994 avii,589p.ill;c26.2cm